000 00245nam a2200097Ia 4500
008 230915s9999 xx 000 0 und d
050 _aQP31.2.M37 1991
100 _aELAINE NICPON MARIEB
245 0 _aHUMAN ANATOMY AND PHYSIOLOGY
942 _cBK
999 _c193138
_d193138